000 00282nam a22001217a 4500
008 181219b xxu||||| |||| 00| 0 eng d
041 _aeng
080 _a530
100 _a43
101 _aFIZ
245 _aRecent Advances in Brachytherapy Physics
_cShearer,D.R
942 _2udc
_cBK
999 _c53509
_d53509